000
00283 a2200109 4500
001
ART_7358
005
20260410161623.0
008
260409a
245
1
0
_a
Ganancias reservadas
100
1
_a
Piñeiro, Horacio
773
0
_t
Enfoques
_g
- Nº 2 (feb. 2012)
_w
REV416
999
_c
11761
_d
11761